000 00673nam a22002177a 4500
003 0
005 20250826120743.0
008 250826b xxu||||| |||| 00| 0 eng d
020 _a978-81-97953-22-4
050 _aP 90
_b.S54 2025
100 _aShekh, Jamal,
_eauthor.
245 _aMass communications and media studies :
_ban introduction /
_cJamal Shekh.
250 _aFirst edition.
260 _aNew Delhi, India :
_bVenus Books,
_c2025.
300 _aix, 296 pages ;
_c24 cm.
504 _aIncludes bibliographical references and index.
650 _aMass communication.
650 _aMass media.
650 _aMass media
_xStudy and teaching.
942 _2lcc
_cBK
999 _c367615
_d367615